000 00843nam a2200265Ia 4500
003 OSt
005 20220926034048.0
006 a|||||r|||| 00| 0
007 ta
008 220923b |||||||| |||| 00| 0 eng d
020 _a0892912049
037 _cGeneral Book
040 _aRTL
_cRTL
_beng
041 _2eng
_aeng
082 _aU:g, M9
100 _aEntrikin J Nicholas Ed.
_9339997
245 0 _aReflections on Richrd Hartshornes
_b The nature of
260 _aWashington
_bAssociation of American Geographers
_c1989
300 _ax,170p.
_ccm.
490 _aAssociation of American Geographers , Occasional Paper,1
650 _aModern Geography
_9231135
700 _a Brunn Stanley D Ed.
_9293512
942 _hU:g, M9
_cGB
_2CC
999 _c658648
_d658648